Получение композиционного карбид-, нитридкремниевого (Si[3]N[4]-SiC) материала методом самораспространяющегося высокотемпературного синтеза; Современные техника и технологии; Т. 1
| Parent link: | Современные техника и технологии: сборник трудов XXI международной научной конференции студентов, аспирантов и молодых ученых, Томск, 5-9 октября 2015 г./ Национальный исследовательский Томский политехнический университет (ТПУ).— , 2015 Т. 1.— [С. 421-423] |
|---|---|
| Autore principale: | |
| Ente Autore: | |
| Altri autori: | |
| Riassunto: | Заглавие с титульного экрана Nitride and silicon carbide are widely used in many industries. The composite material based on them must have special strength characteristics and resistance to aggressive conditions. In this paper carbide, silicon nitrite material and its properties have been reviewed. Material has been obtained by self-propagating high-temperature synthesis method. |
| Lingua: | russo |
| Pubblicazione: |
|
| Serie: | Материалы и технологии новых поколений |
| Soggetti: | |
| Accesso online: | http://earchive.tpu.ru/handle/11683/22193 http://www.lib.tpu.ru/fulltext/c/2015/C01/V1/130.pdf |
| Natura: | MixedMaterials Elettronico Capitolo di libro |
| KOHA link: | https://koha.lib.tpu.ru/cgi-bin/koha/opac-detail.pl?biblionumber=615154 |
MARC
| LEADER | 00000naa2a2200000 4500 | ||
|---|---|---|---|
| 001 | 615154 | ||
| 005 | 20251124101811.0 | ||
| 035 | |a (RuTPU)RU\TPU\conf\13353 | ||
| 035 | |a RU\TPU\conf\13351 | ||
| 090 | |a 615154 | ||
| 100 | |a 20151028d2015 k y0rusy50 ca | ||
| 101 | 0 | |a rus | |
| 102 | |a RU | ||
| 105 | |a y z 101zy | ||
| 135 | |a drcn ---uucaa | ||
| 181 | 0 | |a i | |
| 182 | 0 | |a b | |
| 200 | 1 | |a Получение композиционного карбид-, нитридкремниевого (Si[3]N[4]-SiC) материала методом самораспространяющегося высокотемпературного синтеза |d Composite carbide-nitride-silicon (Si[3]N[4]-SiC) materials obtaining by selfpropagating high-temperature synthesis method |f А. В. Рыгин |g науч. рук. Г. А. Воронова | |
| 203 | |a Текст |c электронный | ||
| 225 | 1 | |a Материалы и технологии новых поколений | |
| 300 | |a Заглавие с титульного экрана | ||
| 320 | |a [Библиогр.: с. 423 (5 назв.)] | ||
| 330 | |a Nitride and silicon carbide are widely used in many industries. The composite material based on them must have special strength characteristics and resistance to aggressive conditions. In this paper carbide, silicon nitrite material and its properties have been reviewed. Material has been obtained by self-propagating high-temperature synthesis method. | ||
| 337 | |a Adobe Reader | ||
| 461 | 1 | |0 (RuTPU)RU\TPU\conf\13102 |t Современные техника и технологии |o сборник трудов XXI международной научной конференции студентов, аспирантов и молодых ученых, Томск, 5-9 октября 2015 г. |o в 2 т. |f Национальный исследовательский Томский политехнический университет (ТПУ) |d 2015 | |
| 463 | 0 | |0 (RuTPU)RU\TPU\conf\13104 |t Т. 1 |f под ред. А. А. Сивкова [и др.] |v [С. 421-423] | |
| 510 | 1 | |a Composite carbide-nitride-silicon (Si[3]N[4]-SiC) materials obtaining by selfpropagating high-temperature synthesis method |z eng | |
| 610 | 1 | |a труды учёных ТПУ | |
| 610 | 1 | |a электронный ресурс | |
| 610 | 1 | |a композиционные материалы | |
| 610 | 1 | |a самораспространяющийся высокотемпературный синтез | |
| 610 | 1 | |a высокотемпературный синтез | |
| 610 | 1 | |a наноразмерные материалы | |
| 610 | 1 | |a карбид кремния | |
| 610 | 1 | |a нитрид кремния | |
| 700 | 1 | |a Рыгин |b А. В. | |
| 702 | 1 | |a Воронова |b Г. А. |c химик |c доцент Томского политехнического университета, кандидат химических наук |f 1974- |g Гульнара Альфридовна |4 727 | |
| 712 | 0 | 2 | |a Национальный исследовательский Томский политехнический университет |c (2009- ) |9 26305 |
| 801 | 2 | |a RU |b 63413507 |c 20210120 |g RCR | |
| 856 | 4 | |u http://earchive.tpu.ru/handle/11683/22193 | |
| 856 | 4 | |u http://www.lib.tpu.ru/fulltext/c/2015/C01/V1/130.pdf | |
| 942 | |c BK | ||